| 000 | 00864nam a2200265 4500 | ||
|---|---|---|---|
| 001 | 2540 | ||
| 003 | http://porbase.bnportugal.pt/ipac20/ipac.jsp?profile=bn&uri=full=3100024<U+007E>!2433498<U+007E>!0 | ||
| 021 |
_aPT _b296076/09 |
||
| 035 | _a(bn)1776234 | ||
| 090 | _a2540 | ||
| 100 | _a20110405d2009 m d0pory5003 ba | ||
| 105 | _aa z 000yy | ||
| 106 | _ar | ||
| 200 | 1 |
_aFreguesia da Terrugem _ehistória e tradição _fJoão Rodil _gfot. Arquivo Municipal de Sintra, João Rodil |
|
| 205 | _a1<U+00AA> ed | ||
| 210 |
_aTerrugem _cJunta de Freguesia de Terrugem, _d2009 |
||
| 215 |
_a96, [2] p. _cil. _d26 cm |
||
| 320 | _aContém bibliografia | ||
| 600 | _aJoão Rodil | ||
| 601 | _aJunta de Freguesia de Terrugem, | ||
| 675 |
_a908(469.411) _vBN _zpor |
||
| 700 | 1 |
_aRodil, _bJoão |
|
| 712 | 0 | 1 |
_aSintra. _bArquivo Municipal _4600 |
| 801 | 0 |
_aPT _bBN _gRPC |
|
| 942 | _cBK | ||